[Event "Stuttgart-chB int"]
[Site "Ditzingen"]
[Date "2010.05.16"]
[Round "7"]
[White "Knolmayer, Volker"]
[Black "Wendland, Viktor"]
[Result "1-0"]
[WhiteElo "1714"]
[BlackElo "1588"]
[PlyCount "167"]
[EventDate "2010.05.13"]
[EventType "swiss"]
[EventRounds "7"]
[EventCountry "GER"]
[SourceTitle "EXT 2018"]
[Source "ChessBase"]
[SourceDate "2017.10.13"]
[SourceVersion "1"]
[SourceVersionDate "2017.10.13"]
[SourceQuality "1"]

1. e4 e6 2. Be2 d5 3. exd5 exd5 4. Nf3 Nf6 5. 0-0 c5 6. d4 b6 7. c4 Bb7 8. cxd5 Bxd5 9. Bb5+ Bc6 10. Re1+ Be7 11. Bxc6+ Nxc6 12. dxc5 Qxd1 13. Rxd1 Bxc5 14. Nc3 0-0 15. Bg5 Be7 16. Rac1 Rad8 17. a3 Nd7 18. Bxe7 Nxe7 19. Nb5 a5 20. h3 Nc5 21. Nfd4 h6 22. Nc3 Rd6 23. Ndb5 Rg6 24. Nd5 Nc8 25. b4 axb4 26. axb4 Rc6 27. bxc5 bxc5 28. Nbc3 Kh8 29. Nf4 Nb6 30. Ne4 c4 31. Rd6 Rfc8 32. Rxc6 Rxc6 33. Nc3 g5 34. Nfd5 Nd7 35. Re1 Kg7 36. Re7 Rd6 37. Re4 Rc6 38. Ne3 Nb6 39. Nf5+ Kf8 40. Rd4 Ke8 41. Kf1 h5 42. Ng7+ Ke7 43. Nxh5 Ke6 44. Ke2 f5 45. Ng3 Ke5 46. Rd2 Nc8 47. Rd5+ Ke6 48. Nxf5 Rc7 49. Nd4+ Kf6 50. Rf5+ Kg6 51. Rxg5+ Kf6 52. Rf5+ Kg6 53. Re5 Rd7 54. Ke3 Nd6 55. Rd5 Re7+ 56. Kd2 Nf7 57. Rc5 Ne5 58. f4 Nd3 59. f5+ Kf7 60. Rxc4 Nf4 61. g4 Nxh3 62. Ne6 Ra7 63. Ke2 Ra1 64. Kf3 Ng1+ 65. Kg2 Kf6 66. Re4 Kf7 67. Nd5 Ra5 68. Kxg1 Rxd5 69. Kf2 Kf6 70. Kf3 Rd3+ 71. Kf4 Rd1 72. g5+ Kf7 73. Ke5 Rg1 74. g6+ Kg8 75. Kf6 Ra1 76. Nc5 Ra8 77. Nd7 Rd8 78. Ke7 Ra8 79. f6 Rc8 80. f7+ Kg7 81. f8Q+ Rxf8 82. Nxf8 Kg8 83. Kf6 Kxf8 84. g7+ 1-0